ბათუმის შოთა რუსთაველის სახელმწიფო უნივერსიტეტის ბიბლიოთეკა

ციხეგოჯი-არქეოპოლისი-ნოქალაქევი ხუროთმოძღვრება / (ბიბ.ჩანაწერი № 60193)

000 -ლიდერი
ფიქსირებული სიგრძის საკონტროლო ველი 01106nam a22002057a 4500
003 - საკონტროლო ნომრის იდენტიფიკატორი
საკონტროლო ველი Ge_BSU
005 - ბოლო ოპერაციის თარიღი და დრო
საკონტროლო ველი 20230616121852.0
008 - ფიქსირებული სიგრძის მონაცემთა ელემენტები - ზოგადი ინფორმაცია
ფიქსირებული სიგრძის საკონტროლო ველი 230616s1991 ge ||||| |||| 00| 0 geo d
041 ## - ენის კოდი
Language code of text/sound track or separate title geo
080 ## - უნივერსალური ათობითი კლასიფიკაციის ინდექსი
Universal Decimal Classification number 903.43(479.22) ზ-69
100 ## - მთავარი ჩანაწერი - პიროვნების სახელი
Personal name ზაქარაია, პ.
9 (RLIN) 305
245 ## - ცნობა სათაურის შესახებ
Title ციხეგოჯი-არქეოპოლისი-ნოქალაქევი ხუროთმოძღვრება /
Statement of responsibility, etc პ. ზაქარაია, თ. კაპანაძე; საქ. მეცნ. აკად., არქეოლ. კომისია.
264 ## - წარმოების, გამოცემის, დისტრიბუციის და სხვა ცნობები
გამოცემის, წარმოების, დისტრიბუციის... ადგილი თბილისი :
გამოცემის, წარმოების, დისტრიბუციის... სახელწოდება მეცნიერება,
გამოცემის, წარმოების, დისტრიბუციის... თარიღი 1991.
300 ## - ფიზიკური აღწერა
Extent 267 გვ. :
Other physical details 36 ფ. ილ. ;
Dimensions 27 სმ.
653 ## - INDEX TERM--UNCONTROLLED
Uncontrolled term არქეოლოგიური გათხრები სამეგრელოში
653 ## - INDEX TERM--UNCONTROLLED
Uncontrolled term ნაქალაქარები საქართველოში
653 ## - INDEX TERM--UNCONTROLLED
Uncontrolled term ციხე-სიმაგრეების არქიტექტურა.
700 ## - ADDED ENTRY--PERSONAL NAME
Personal name კაპანაძე, თ.
Relator term ავტორი
9 (RLIN) 18766
942 ## - ADDED ENTRY ELEMENTS (KOHA)
Source of classification or shelving scheme
Koha item type წიგნი
ეგზემპლარები
ჩამოწერის სტატუსი დაკარგული ეგზემპლარის სტატუსი კლასიფიკაციის წყარო ან თაროზე გაწყობის სქემა დაზიანების სტატუსი არ გაიცემა მუდმივი მდებარეობა (დაცვის ადგილი) ამჟამინდელი ადგილსამყოფელი თაროზე განთავსების ადგილი შეძენის თარიღი ღირებულება, შესყიდვის ნორმალური ფასი სრული შენახვის შიფრი შტრიხკოდი ბოლო ოპერაციის თარიღი ეგზემპლარის მიმდევრობითი ნომერი (კეტერი?) Uniform Resource Identifier ფასის ძალაში შესვლის თარიღი ეგზემპლარის სახეობა საჯარო შენიშვნა
          ბათუმის შოთა რუსთაველის სახელმწიფო უნივერსიტეტის მთავარი ბიბლიოთეკა ბათუმის შოთა რუსთაველის სახელმწიფო უნივერსიტეტის მთავარი ბიბლიოთეკა წიგნსაცავი 2023-06-16 10.00 903.43(479.22) ზ-69 64670 2023-06-16 64670 ბსუ-ს საპატიო დოქტორის გურამ ლორთქიფანიძის საჩუქარი 2023-06-16 წიგნი 10 ლ.